=LDR 00000nam 2200000 4500 =001 INLIS000000000051185 =005 20221028081823 =035 ##$$a 0010-0817000368 =007 ta =008 221028################g##########0#ind## =020 ##$$a 978-602-96338-4-9 =082 ##$$a 398.3 =084 ##$$a 398.3 FAI d =100 #$$a Faizal Kamal =245 1#$$a Dongeng Nusantara : $b Terlengkap /$c Faizal Kamal =250 ##$$a cet.1 =260 ##$$a [s.l] :$b Scond Hope,$c 2015 =300 ##$$a 174 hlm : $b ilus. ; $c 15 cm =650 #4$$a Cerita Rakyat =700 #$$a Ica Adilia =504 ##$$a Bibliografi : hlm, 174 =990 ##$$a 21702545 =990 ##$$a 21702544 =990 ##$$a 21702543 =990 ##$$a 21702542 =990 ##$$a 21702541